[Event "TUR-chT 2nd League"]
[Site "Denizli"]
[Date "2023.07.12"]
[Round "6.54"]
[White "Ozdemir, Ali"]
[Black "Senkal, Defne"]
[Result "1-0"]
[WhiteElo "1821"]
[BlackElo "1440"]
[PlyCount "59"]
[EventDate "2023.07.09"]
[EventType "team-swiss"]
[EventRounds "9"]
[EventCountry "TUR"]
[SourceTitle "CBM 215 Extra"]
[Source "ChessBase"]
[SourceDate "2023.09.30"]
[SourceVersion "1"]
[SourceVersionDate "2023.09.30"]
[SourceQuality "1"]
[WhiteTeam "Gaziantep Tantima"]
[BlackTeam "Karaman Masterler"]
[WhiteTeamCountry "TUR"]
[BlackTeamCountry "TUR"]

1. d4 Nf6 2. g3 e6 3. Bg2 d5 4. Nf3 Be7 5. 0-0 0-0 6. c4 c5 7. cxd5 Nxd5 8. Nc3 cxd4 9. Nxd5 Qxd5 10. Nxd4 Qd8 11. Be3 e5 12. Nb3 Nc6 13. Rc1 Bg4 14. Bxc6 bxc6 15. Qc2 f5 16. f3 Bh3 17. Rfd1 Qb8 18. Qxc6 f4 19. Bf2 fxg3 20. hxg3 Bg5 21. Rc5 Kh8 22. Qc7 Qxc7 23. Rxc7 Rf6 24. Rxa7 Raf8 25. Nc5 Rg6 26. Ne4 Bh6 27. b4 Bf5 28. Rf7 Kg8 29. Rxf8+ Kxf8 30. b5 1-0

[Event "TUR-ch (Women)"]
[Site "Ayvalik"]
[Date "2022.03.11"]
[Round "9"]
[White "Senkal, Defne"]
[Black "Gur, Tuba"]
[Result "1-0"]
[WhiteElo "1176"]
[BlackElo "1750"]
[PlyCount "37"]
[EventDate "2022.03.05"]
[EventType "swiss"]
[EventRounds "9"]
[EventCountry "TUR"]
[SourceTitle "EXT 2023"]
[Source "ChessBase"]
[SourceDate "2022.10.05"]
[SourceVersion "1"]
[SourceVersionDate "2022.10.05"]
[SourceQuality "1"]

1. e4 c5 2. Nf3 Nc6 3. d4 cxd4 4. Nxd4 e5 5. Nb5 d6 6. N1c3 a6 7. Na3 b5 8. Nd5 Nf6 9. Nxf6+ Qxf6 10. c3 Be6 11. Be2 Be7 12. 0-0 Qg6 13. Bf3 0-0 14. Nc2 Rad8 15. Ne3 f6 16. Nf5 Qf7 17. Bh5 d5 18. Bxf7+ Bxf7 19. Qg4 1-0

[Event "TUR-ch (Women)"]
[Site "Ayvalik"]
[Date "2022.03.07"]
[Round "4"]
[White "Sahin, Cagla Yudum"]
[Black "Senkal, Defne"]
[Result "1-0"]
[WhiteElo "1171"]
[BlackElo "1176"]
[PlyCount "111"]
[EventDate "2022.03.05"]
[EventType "swiss"]
[EventRounds "9"]
[EventCountry "TUR"]
[SourceTitle "EXT 2023"]
[Source "ChessBase"]
[SourceDate "2022.10.05"]
[SourceVersion "1"]
[SourceVersionDate "2022.10.05"]
[SourceQuality "1"]

1. e4 c5 2. Nc3 e6 3. f4 g6 4. Nf3 Bg7 5. Bc4 Ne7 6. d3 a6 7. e5 b5 8. Bb3 Bb7 9. a4 Qb6 10. Be3 Nf5 11. Bf2 d5 12. exd6 Nxd6 13. d4 c4 14. a5 Qc7 15. Ba2 0-0 16. 0-0 Nf5 17. Nh4 Nxh4 18. Bxh4 Qd6 19. Ne2 Nc6 20. c3 Ne7 21. Bb1 Qd5 22. Rf2 Nf5 23. Bxf5 Qxf5 24. Qd2 Qh5 25. Be7 Rfe8 26. Bc5 Rad8 27. Qe3 Qf5 28. Ng3 Qd5 29. Re1 Qd7 30. Ne4 Bxe4 31. Qxe4 Qd5 32. Qxd5 exd5 33. Rfe2 Rxe2 34. Rxe2 Bh6 35. g3 Bf8 36. Bb6 Rc8 37. Re5 b4 38. Rxd5 b3 39. Bc5 Bxc5 40. Rxc5 Rxc5 41. dxc5 Kf8 42. Kf2 Ke7 43. Ke3 Kd7 44. Kd4 Kc7 45. Kxc4 Kc6 46. h4 h6 47. g4 f6 48. g5 fxg5 49. fxg5 hxg5 50. hxg5 Kd7 51. Kd5 Kc7 52. c6 Kd8 53. Kd6 Kc8 54. c7 Kb7 55. Kd7 Ka7 56. Kd8 1-0

[Event "TUR-ch (Women)"]
[Site "Ayvalik"]
[Date "2022.03.06"]
[Round "3"]
[White "Senkal, Defne"]
[Black "Onur, Cigdem"]
[Result "0-1"]
[WhiteElo "1176"]
[BlackElo "2012"]
[PlyCount "60"]
[EventDate "2022.03.05"]
[EventType "swiss"]
[EventRounds "9"]
[EventCountry "TUR"]
[SourceTitle "EXT 2023"]
[Source "ChessBase"]
[SourceDate "2022.10.05"]
[SourceVersion "1"]
[SourceVersionDate "2022.10.05"]
[SourceQuality "1"]

1. e4 c5 2. Nf3 Nc6 3. d4 cxd4 4. Nxd4 Nf6 5. Nc3 e5 6. Nb3 Bb4 7. Bd3 d5 8. exd5 Nxd5 9. Bd2 Be6 10. 0-0 0-0 11. Ne2 f5 12. Bxb4 Ndxb4 13. Nc5 Qe7 14. Nxe6 Qxe6 15. Bb5 Rad8 16. Qc1 Nxa2 17. Qb1 Nab4 18. c3 a6 19. Ba4 Nd3 20. b4 Kh8 21. Rd1 e4 22. Bc2 Nce5 23. Qb3 Qh6 24. h3 f4 25. Nd4 f3 26. Qe6 Rf6 27. Qe7 Rg8 28. Bxd3 Rg6 29. Bf1 fxg2 30. Qxe5 Qxh3 0-1